Quizzes
Events
Quiz Creation
Community
Videos
Private Events
Remove Ads
Sign In
Join for FREE
Feedback
Dark Mode
Quiz Categories
Sports
Geography
Music
Movies
Television
Just For Fun
Miscellaneous
History
Literature
Language
Science
Gaming
Entertainment
Religion
Holiday
For Kids
Quiz Lab
Recent
Popular Today
Quiz Kudos Today
Editor Picks
Curator Picks
Quizzes by...
Day
Popularity
Type
Ratings
Length
Year
Community
Subscriptions
Recent Discussions
Orange Saloon
Badges
Playlists
Quests
Create
Leaderboards
Showdown
Live 5
Trivia Bingo
Activity
Puzzle Library
Sporcle Events
Private Events
Virtual Trivia
Globe League
Become a Host
Pub Owners
SporcleCon
Opinionation
Our Games
Videos
Blog
Mobile Apps
Partnerships
Remove Ads and Go Orange
Feedback
Television
TV Characters
TV Show
Sitcom
Network
Friends
Reality Shows
Cast
South Park
Star Trek
The Simpsons
Doctor Who
Television
TV Characters
TV Show
Sitcom
Network
Friends
Reality Shows
Cast
South Park
Star Trek
The Simpsons
Doctor Who
Random Quiz
Search Sporcle
×
Quiz Lab
Quiz Lab
Television
Cartoons
Type answers based on single images at one time
Type answers based on single images at one time
Slideshow
Best Score? Go Orange.
Channel 4's 100 Greatest Cartoons slideshow Stats
Can you name channel 4's 100 Greatest Cartoons by picture
15m
100 Questions
230 Plays
230 Plays
230 Plays
Comments
Comments
Give Quiz Kudos
Give Quiz Kudos
-
- Ratings
hide this ad
Replay
Link that replays current quiz
Next Quiz
Link to next quiz in quiz playlist
You Got
0%
They Got
Avg Score
54%
Avg Friend Score
Upgrade to see
Score Distribution
Jump to the score distribution portion of the page
Score
0/100
Timer
15:00
0
Plays Today
% Correct
The Simpsons
96.9%
Tom and Jerry
96.5%
Toy Story
95.2%
South Park
94.7%
The Lion King
93.9%
Shrek
91.2%
The Incredibles
86.4%
Family Guy
85.1%
Finding Nemo
82.9%
Bugs Bunny
81.1%
Popeye
79.4%
Spider-Man
79.4%
Mickey Mouse
78.5%
Monsters, Inc
78.1%
Teenage Mutant Ninja Turtles
78.1%
Donald Duck
78.1%
The Jungle Book
77.2%
Bambi
77.2%
Winnie the Pooh
76.3%
Wallace and Gromit
75.9%
Daffy Duck
75.9%
Peanuts
75.9%
Sylvester and Tweety
75.4%
Dumbo
75.4%
Transformers
75%
101 Dalmatians
75%
Pokemon
74.6%
Inspector Gadget
74.6%
A Bug's Life
74.1%
Yogi Bear
74.1%
Wile E. Coyote and Road Runner
73.7%
The Little Mermaid
73.7%
Who Framed Roger Rabbit?
72.8%
The Nightmare Before Christmas
72.4%
% Correct
Fantasia
71.5%
Rugrats
70.6%
He-Man and the Masters of the Universe
70.2%
Betty Boop
70.2%
Alice in Wonderland
69.3%
Danger Mouse
68%
Pinocchio
68%
Spongebob Squarepants
68%
Futurama
67.5%
The Adventures of Tintin
66.2%
Peter Pan
65.4%
The Powerpuff Girls
64.9%
The Iron Giant
64.5%
Chicken Run
64.5%
Mighty Mouse
64%
Beavis and Butt-Head
63.6%
The Ren and Stimpy Show
62.7%
The Flintstones
60.5%
Woody Woodpecker
59.6%
King of the Hill
59.2%
Felix The Cat
57%
Babar
55.3%
Scooby Doo, Where Are You?
53.9%
Samurai Jack
53.1%
Pepe Le Pew
52.2%
Looney Tunes
51.8%
Aladdin
51.3%
Beauty and the Beast
51.3%
Thundercats
50.4%
Huckleberry Hound
49.1%
Foghorn Leghorn
46.9%
Lady and the Tramp
46.5%
Watership Down
44.3%
Animal Farm
43.9%
% Correct
The Pink Panther
43.9%
Spirited Away
41.7%
Mr. Magoo
41.2%
Captain Caveman and the Teen Angels
40.4%
The Snowman
39.5%
Droopy
39.5%
Wacky Races
37.7%
Wind in the Willows
35.1%
How the Grinch Stole Christmas!
35.1%
Top Cat
31.6%
Hong Kong Phooey
30.7%
Magic Roundabout
29.4%
Snow White and the Seven Dwarfs
28.5%
Dungeons and Dragons
17.1%
Ivor the Engine
17.1%
Akira
16.7%
Captain Pugwash
16.2%
Monty Python
15.8%
Jamie and the Magic Torch
12.3%
Princess Mononoke
11.4%
Fritz the Cat
11.4%
Bod
11%
Willo the Wisp
11%
Charlie says
9.6%
Battle of the Planets
9.2%
Roobarb
8.8%
Noggin the Nog
5.7%
Wait till Your Father Gets Home
4.8%
2DTV
4.4%
Queer Duck
3.9%
Legend of the Overfiend
2.6%
Belleville Rendezvous
2.6%
Quiz Playlist
Details
Report
Send in Message
Add To Playlist
Slideshow:
Type answers based on single images at one time
Last Updated: Jul 4, 2017
Quiz Scoreboard
CHALLENGE
Sign Up to Join the Scoreboard
Show All
Scores
Hide
Comments
May contain spoilers
Recently Published
Popular People in 1961
by mucciniale
History
6m
1-10 Letter E Words III
by El_Dandy
Language
2m
One Thing in Common: World Cities II
by knightlancer
Geography
7m
More to Explore
Quiz From the Vault
Featured Blog Post
Where Did the Easter Bunny Come From?
hide this ad
You Might Also Like...
Tags
Cartoons Quiz
100
100 Greatest
bbc
channel
Channel 4
Channel Four
greatest
Top 100
Today's Top Quizzes in Television
Browse Television
hide this ad
Today's Top Quizzes in Cartoons
Browse Cartoons
Top Contributed Quizzes in Television
1
One Piece Logic Puzzle
2
Survivor Logic Puzzle: Heroes vs. Villains
3
Survivor Seasons
4
Survivor Season by Logo
5
Ultimate Survivor Logic Puzzle
6
Survivor Logic Puzzle: Winners at War
7
Survivor Trivia
8
Survivor Heroes vs. Villains Logic Puzzle
9
All US Survivor Seasons in Order
10
Emmerdale Characters (from August 2012)
Explore More
Trending Topics
Disney
Kpop
Marvel
Crossword
Anime
NBA
Harry Potter
Pokémon
WWE
Song
Country
Soccer
Puzzle
The Office
NFL
hide this ad
Score Distribution
Popular Quizzes Today
1
Find the US States - No Outlines Minefield
2
The Countries of the World
3
Popular People in 1961
4
Find the Countries of Europe - No Outlines Minefield
5
1-10 Letter E Words III
6
Find the US States
7
One Thing in Common: World Cities II
8
US States
More Television Quizzes
Game of Thrones Image Identification
Quiz Lab
Trending Quizzes
1-10 Letter F Words
One Thing in Common: Music
1-10 Letter G Words
Risky Map Clicking: Next State Alphabetically
1-10 Letter F Words II
Recently Updated
Leaping Animals
pecheneg
Reality TV Shows (A-Z)
bhenderson79
Rickey Henderson's Hall of Fame Teammates
pecheneg
Champions League XIs: Arsenal
pecheneg
Quick Pick: Celebrities in WWE's Hall of Fame
aduchscher
A-Z Keypad Blitz II
pecheneg
Multiple Oscar Actors
pecheneg
Mystery Phrase Blitz: Oscar 'Best Actors'
pecheneg
F. Scott Fitzgerald Novels
LTH
Pick 3 Villains
ddd62291
Trending Topics
Harry Potter
Crossword
Disney
NBA
Anime
Marvel
Kpop
Country
Pokémon
Puzzle
NFL
Song
WWE
Soccer
The Office
Your Account Isn't Verified!
In order to create a playlist on Sporcle, you need to verify the email address you used during registration. Go to your
Sporcle Settings
to finish the process.
Report this User
Report this user for behavior that violates our
Community Guidelines
.
Details:
Send Report
Go to the Sporcle.com Mobile Site →
Comments